000 01169njm a2200313Ia 4500
001 H7540
003 IT-RoPAU
005 20220918181155.0
008 131025s9999 xx 000 0 und d
040 _aIT-RoPAU
040 _cIT-RoPAU
041 _aITALIANO
999 _c102457
_d102457
999 _bn.d.
100 _aAA.VV.
_9794
100 _eAutore musica
_933605
100 _gCodice autore musica SPICS: 12000
_9796
245 _aLaudis Canticum - Lodi e vespri prima settimana
250 _a1a ed.
260 _aMILANO
260 _bMULTIMEDIA SAN PAOLO
_c2007 [1a Ed.:2007 - Ed. Lingua Orig.: 2007]
300 _aCOMPACT DISC
500 _aMusica religiosa, liturgica. Testi della liturgia delle ore, rito Romano. Masterizzazione in Mp3.
505 _aCanto dei Primi vespri, lodi e vespri della Prima Settimana del Tempo Ordinario.
511 _aCoro Rabbunì; soliste: Berloco V., Casiraghi G., Manca M., Musicat
511 _aDizione di Benedetto Nardacci e Marco Gargiulo.
650 _aLITURGICO [COMPACT DISC]
_eCodice MATERIA SPICS: 9949
_927069
700 _aAA.VV.
_eAutore testo e musica
_gCodice autore testo/musica SPICS: 12000
_933606
942 _cCD
_2ddc